LIBRARY & INFORMATION CENTRE, KCAET, TAVANUR

ONLINE PUBLIC ACCESS CATALOGUE (OPAC)

Spices (Record no. 17555)

MARC details
000 -LEADER
fixed length control field 00348nam a22001457a 4500
003 - CONTROL NUMBER IDENTIFIER
control field OSt
008 - FIXED-LENGTH DATA ELEMENTS--GENERAL INFORMATION
fixed length control field 220829b |||||||| |||| 00| 0 eng d
020 ## - INTERNATIONAL STANDARD BOOK NUMBER
ISBN 9788122497532
082 ## - DEWEY DECIMAL CLASSIFICATION NUMBER
Classification number 633.83
Item number SIN/SP
100 ## - MAIN ENTRY--AUTHOR NAME
Personal name Singh, V.B
-- Kirti singh
245 ## - TITLE STATEMENT
Title Spices
260 ## - PUBLICATION, DISTRIBUTION, ETC. (IMPRINT)
Place of publication New delhi
Name of publisher New age international
Year of publication 1996
300 ## - PHYSICAL DESCRIPTION
Number of Pages 253
942 ## - ADDED ENTRY ELEMENTS (KOHA)
Koha item type Books
Holdings
Withdrawn status Lost status Damaged status Collection code Home library Current library Shelving location Date acquired Full call number Accession Number Koha item type
      General Books KAUAET KAUAET General Stacks 29/08/2022 633.83 SIN/SP 19507 Books
free website counter